थेरी-गाथाएँ/ (Record no. 208360)

MARC details
000 -LEADER
fixed length control field 00816nam a22001817a 4500
005 - DATE AND TIME OF LATEST TRANSACTION
control field 20250110174004.0
010 ## - LCCN (DPL NO)
LC control number HIN-129220
020 ## - INTERNATIONAL STANDARD BOOK NUMBER
International Standard Book Number 9789388359849
Terms of availability 120.00
035 ## - SYSTEM CONTROL NUMBER
System control number HN-101566
037 ## - SOURCE OF ACQUISITION
Source of stock number/acquisition DBAD
082 ## - DEWEY DECIMAL CLASSIFICATION NUMBER
Classification number 821
100 ## - MAIN ENTRY--PERSONAL NAME
Personal name उपाध्याय, भरत सिंह
245 ## - TITLE STATEMENT
Title थेरी-गाथाएँ/
Remainder of title भरत सिंह उपाध्याय
260 ## - PUBLICATION, DISTRIBUTION, ETC. (IMPRINT)
Place of publication, distribution, etc नई दिल्ली
Name of publisher, distributor, etc सस्ता साहित्य मण्डल प्रकाशन
Date of publication, distribution, etc 2020
270 ## - ADDRESS
Address एन-77, पहली मंजिल, कनाट सर्कस
City नई दिल्ली
Postal code 110001
Electronic mail address satasahityamandal@gmail.com
Telephone number 011-23310505
300 ## - PHYSICAL DESCRIPTION
Extent 120पृ.
Dimensions 21 सेमी (अजिल्द )
942 ## - ADDED ENTRY ELEMENTS (KOHA)
Source of classification or shelving scheme Dewey Decimal Classification
Item type Hindi Books
Classification part 821
Call number suffix उपाध्या
Holdings
Withdrawn status Lost status Not for loan Collection code Home library Current library Date acquired Source of acquisition Cost, normal purchase price Full call number Barcode Copy number Cost, replacement price Koha item type
      Non-fiction Kadipur Kadipur 10/01/2025 DBAD 120.00 821 उपाध्या HN-101566 1 120.00 Hindi Books

© Delhi Public Library
Hit Counter
free hit counter